000 01673nam a22002177a 4500
005 20220302160954.0
008 220224b ||||| |||| 00| 0 eng d
020 _a9780141346885
040 _cAL
041 _aeng
082 _223
_a813.6
_bRIOP
100 _aRick Riordan
_921871
245 _aPercy Jackson and the last olympian
260 _aUK
_bPuffin
_c2018
300 _a361p.
_bPB
_c10.5x13cm.
365 _2General
_a5944
_b₹319.20
_c
_d
_e20%
_f18-02-2022
440 _aFrom the creator of Percy Jackson
_922398
520 _aPercy Jackson and the Last Olympian is the fifth novel in Rick Riordan’s bestselling fantasy fiction series, Percy Jackson and the Olympians. Kronos, the Lord of Time, has escaped his prison in Tartarus. Now he makes his way towards New York City, and the only ones who have any chance of stopping the mighty Titan are the Olympians, who are busy with the rampaging monster Typhon. Percy Jackson, the son of Poseidon, tries to fight off Kronos with Beckendorf, the son of Hephaestus. However, Kronos is too powerful even for them. Percy needs to understand the truth about his past and his duty towards mankind to be able to stand any chance against the might Titan. Gods, Demi-Gods and all manner of creatures out of ancient mythology come alive on the streets of Manhatten for a battle to end all battles. The fate of Western Civilization itself hangs in the balance. In this final book in the Percy Jackson and the Olympians series, Percy will have to embrace his fate, and understand what prophecy has laid in store for him since before he was even born
650 _2Fiction
_aAmerican Fiction
_921872
942 _2ddc
_cBK
999 _c221603
_d221603